Statistiques concernant Capitales des Provinces Canadiennes

Cliquez ici pour prendre le quiz!

Statistiques générales

  • Ce quiz a été pris 12 700 fois
  • Le résultat moyen est 8 sur 13

Statistiques - réponses

Province ou territoireCapitale% Correct
QuébecQuébec
93%
OntarioToronto
88%
AlbertaEdmonton
68%
Colombie-BritanniqueVictoria
65%
ManitobaWinnipeg
61%
Nouvelle-ÉcosseHalifax
56%
SaskatchewanRegina
56%
Territoires du Nord-OuestYellowknife
53%
Terre-Neuve-et-LabradorSaint-Jean
52%
YukonWhitehorse
47%
Île-du-Prince-ÉdouardCharlottetown
44%
Nouveau-BrunswickFredericton
41%
NunavutIqaluit
40%

Distribution des résultats

Percentile par nombre de réponses

% des personnes avec chaque résultat

Votre développement - résultats

Vous n’avez pas pris ce quiz